00266nam a22001217a 4500003000400000005001700004008004100021020001500062040000700077082001000084100001200094245003800106OSt20220214140032.0220214b |||||||| |||| 00| 0 eng d a8127202584 cHU a627.5 aSankara aEfficient Use Of Irrigation Water